000 00326 a2200157 4500
001 184300
020 _a0-435-27-332-9
040 _cMagnum
100 _aDumas, Alexandre
240 1 0 _aThe black tulip
_lING
245 1 0 _aThe black tulip
300 _a63
362 0 _a2002
697 _aLITERATURA INGLESA
942 _cBK
999 _c184300
_d184300